Tokyo Ghoul personnages - Statistiques

Statistiques générales
  • Ce quiz a été pris 596 fois
  • Le résultat moyen est 14 sur 62
Statistiques - réponses
Réponse % Correct
1 kaneki
98%
2 toka
87%
3 hide
54%
31 lize
54%
17 amon
50%
34 ayato
46%
8 nishiki
44%
4 suzuya
44%
5 eto
43%
41 hinami
43%
20 arima
39%
10 shu
39%
15 akira
38%
12 uta
36%
13 yomo
35%
11 yoshimura
33%
16 kureo
30%
6 tatara
29%
27 yamori
29%
23 urie
25%
37 bin
23%
7 noro
21%
49 banjo
20%
14 takizawa
20%
60 haise
19%
52 kurona
19%
28 naki
19%
24 saiko
19%
32 furuta
18%
19 irimi
18%
30 kano
17%
45 kuroiwa
17%
61 takeomi kuroiwa
17%
35 big madam
16%
56 roma
16%
57 ryoko fueguchi
16%
54 washu
16%
18 koma
15%
55 nashiro
15%
22 tooru
15%
44 marude
14%
26 nico
14%
21 shirazu
14%
9 kimi
13%
33 arata
12%
43 itori
12%
62 yoriko
12%
59 hirako
11%
50 ui
8%
25 donato
7%
46 kanae
7%
29 miza
6%
47 torso
6%
51 hoji
5%
53 matsumae
5%
48 nutcracker
5%
36 chie
4%
40 hanbei
4%
42 ichika
4%
38 ihei
4%
58 kijima
4%
39 hajime
2%
Aucun quiz correspondant
Distribution des résultats
% des personnes avec chaque résultat
Percentile par nombre de réponses
Votre historique - résultats
Vous n’avez pas pris ce quiz